000 00583nam a22001931a 4500
001 18675
003 OSt
005 20260204212417.0
008 180420s2013||||ck ||||||b||||||||||spa||
020 _a9789587620856
082 _a621.39 G633a
100 _aGómez Vieites,Álvaro
245 _aAuditoría de seguridad informática/Álvaro Gómez Vieites
264 _aBogotá:Ediciones de la U
300 _a150 p
490 _aInformática
650 _aVulnerabilidad de los sistemas informáticos 2.Viros y otros códigos dañinos 3.Delitos informáticosÌ
942 _2ddc
_cBK
999 _c18675
_d18675